000 00403nam a2200169Ia 4500
003 0STCL
008 150530s9999 xx 000 0 und d
040 _aSTCL
_cSTCL
100 _aHarry Johnson, G.
245 _aNational trade and economic growth
250 _aFirst
260 _bGeorge Allen and Unwin
_c1967
546 _aEnglish
942 _2ddc
_cBK
999 _c12641
_d12641
005 20220125165628.0